Zapping - Clic Quiz - Statistiques

Statistiques générales
  • Ce quiz a été pris 61 fois
  • Le résultat moyen est 15 sur 25
Statistiques - réponses
Hint Réponse % Correct
Le meilleur pote de Zizou
82%
Kiss Cam
78%
Parce que c'est notre projet
78%
Chérie, j'ai rétréci les gosses
76%
Creepy Joe
73%
Moi Président de la République
73%
Dance cam
71%
Je crois qu'après avoir vu ça, on peut mourir tranquille !
71%
Le René va mettre une pétée à la Monique !
69%
La pire audition de X Factor
65%
Gomez qui comprend pas ce quiz
63%
Parce que c'est sa maman
61%
Dashcam
59%
Mets 5 étoiles au quiz sinon..
59%
Kiss the camera
57%
Le changement, c'est maintenant !
57%
Vous en avez assez de cette bande de racailles ?
57%
Henni qui comprend pas ce quiz
55%
Jump scare
55%
Night Night
55%
Rodolphe a tout compris
53%
Hidden Cam
51%
Un Franco en prison
49%
L'Amie mortelle
45%
Un Français en prison
29%
Aucun quiz correspondant
Distribution des résultats
% des personnes avec chaque résultat
Percentile par nombre de réponses
Votre historique - résultats
Vous n’avez pas pris ce quiz